Famous Americans Who Served Quiz Stats

Quiz Updated May 25, 2015

Challenge
Share
Tweet
Score 0/16 Timer 05:00
0 Plays Today
Hint Answer % Correct
Rock & Roll MusicianElvis Presley (Army)
97.5%
Actor & DirectorClint Eastwood (Army)
74.5%
Star Trek ActorLeonard Nimoy (Army)
69%
'60s Rock GuitaristJimi Hendrix (Army)
68%
New York Yankee GreatJoe DiMaggio (Air Force)
67.4%
Actor & Entrepreneur Paul Newman (Navy)
65.7%
Actor & Former NRA PresidentCharlton Heston (Air Force)
64.8%
Actor, Director, Narrator Morgan Freeman (Air Force)
61.3%
Hint Answer % Correct
Country Music Artist Johnny Cash (Air Force)
57.3%
Film & Stage ActorJimmy Stewart (Air Force)
56.1%
Comedian & Game Show HostDrew Carey (Marines)
52.6%
Golden Girls ActressBea Arthur (Marines)
51.1%
Magazine PublisherHugh Hefner (Army)
48.6%
Former NBA All-StarDavid Robinson (Navy)
43.6%
Actor & ComedianRob Riggle (Marines)
26.3%
Country Music ArtistWillie Nelson (Air Force)
18.6%

You're not logged in!

Compare scores with friends on all Sporcle quizzes.
Join for Free
OR
Log In

You Might Also Like...

Show Comments

Extras

Top Quizzes Today


Score Distribution

Your Account Isn't Verified!

In order to create a playlist on Sporcle, you need to verify the email address you used during registration. Go to your Sporcle Settings to finish the process.

Report this User

Report this user for behavior that violates our Community Guidelines.

Details: